Datum a čas kvízu

26 Celkem bodů Celkový počet nahraných bodů na tomto kvízu bez doplňovacích otázek.
6. Pořadí na kvízu Konečné umístění týmu na tomto kvízu.

Zaznamenané odpovědi

# Otázka Odpověď Body Výsledky
1. Který český politik a lékař če... Bohuslav Svoboda 1
2. Po ulicích jednoho středoslove... Liptovský Mikuláš 1
3. Minulý týden byla přidána na... berlínské techno 0
4. Některé provozovny jistého řet... McDonald's 1
5. K zajímavému hecování došlo v... pizzu s ananasem 1
6. Téma začneme v Evropě. Seřaďte... 1C 2B 3A 4D 0
7. Vůdcem Kuby byl několik deseti... Raúl 1
8. Které z těchto zvířat nežije p... A 1
9. Kolik ostrovních států se nach... jeden 0
10. Jak se jmenuje ostrovní stát,... Maledivy 0